00421nam a2200169Ia 4500003000400000005001700004008004100021040000700062041000800069082002300077100001900100245003500119260005800154300001200212365001300224650001400237OSt20230525153010.0210423s2000 xx 000 0 und d cAL aeng a378.954 223bJAYH aJAYAPALAN (N). aHistory of education in india. aNew DelhibAtlantic Publishers and Distributorsc2000 a170bHB b295cINR aEducation